00372nam a2200109 a 450000100100000000500170001000800410002704000250006824500940009326000480018730000270023500003587120200930074700.0111115s1956 dr 000 0 spa d aDO-SdBNPbspacBNPHU00aHomenaje al patriota :bel centenario de Juan Gualberto Gómez, 1854 - Julio 12 -1954 /. aLa Habana :bMunicipio de la Habana,c1956. a72 p. :bil. ;c22 cm.